Los viajeros extranjeros y la fiesta de toros (siglos XVI a XVIII) (Record no. 142624)

MARC details
000 -LEADER
campo de control de longitud fija 00807nam a2200217 i 4500
001 - NÚMERO DE CONTROL
campo de control 142624
003 - IDENTIFICADOR DE NÚMERO DE CONTROL
campo de control ES-MaACL
005 - FECHA Y HORA DE LA ÚLTIMA TRANSACCIÓN
campo de control 20230906200557.0
007 - CAMPO FIJO DE DESCRIPCIÓN FÍSICA--INFORMACIÓN GENERAL
campo de control de longitud fija t|
008 - DATOS DE LONGITUD FIJA--INFORMACIÓN GENERAL
campo de control de longitud fija 071009s1957 sp f |||| | spa d
245 04 - MENCIÓN DEL TÍTULO
Título Los viajeros extranjeros y la fiesta de toros (siglos XVI a XVIII)
Resto del título : selección de inéditos, olvidados o desdeñados /
Mención de responsabilidad, etc. recopilación, estudio y notas por Auguste Lafront.
260 ## - PUBLICACIÓN, DISTRIBUCIÓN, ETC.
Lugar de publicación, distribución, etc. [Madrid] :
Nombre del editor, distribuidor, etc. Unión de Bibliófilos Taurinos,
Fecha de publicación, distribución, etc. [1957]
300 ## - DESCRIPCIÓN FÍSICA
Extensión 190 p., 10 h. de lám. ;
Dimensiones 24 cm.
490 1# - MENCIÓN DE SERIE
Mención de serie Colección Ybarra ;
Designación de volumen o secuencia 1
650 #4 - PUNTO DE ACCESO ADICIONAL DE MATERIA--TÉRMINO DE MATERIA
Término de materia o nombre geográfico como elemento de entrada Corridas de toros-
Subdivisión geográfica España.
9 (RLIN) 11373
700 1# - ENTRADA AGREGADA--NOMBRE PERSONAL
Nombre de persona Lafront, Auguste.
9 (RLIN) 69526
710 2# - ENTRADA AGREGADA--NOMBRE DE ENTIDAD CORPORATIVA
Nombre de entidad corporativa o nombre de jurisdicción como elemento de entrada Unión de Bibliófilos Taurinos.
9 (RLIN) 7005
830 0# - PUNTO DE ACCESO ADICIONAL DE SERIE-TÍTULO UNIFORME
Título uniforme Colección Ybarra ;
Designación de volumen o secuencia 1
9 (RLIN) 187249
852 ## - LOCALIZACIÓN
Ubicación ES-MaACL
Número de control de estantería C-14086
Holdings
Estatus retirado Estado de pérdida Estado de daño No para préstamo Biblioteca de origen Biblioteca actual Ubicación en estantería Fecha de adquisición Fuente de adquisición Total de préstamos Signatura topográfica completa Código de barras Visto por última vez Precio de reemplazo Tipo de ítem Koha
        Biblioteca del Ateneo de Madrid Biblioteca del Ateneo de Madrid Sala Palomar 17/01/2008     C-14086 1148400 23/02/2023 23/02/2023 Libro impreso